DARKSIDE (Record no. 778498)

MARC details
000 -LEADER
fixed length control field 00510nam a22001937a 4500
003 - CONTROL NUMBER IDENTIFIER
control field 3228
005 - DATE AND TIME OF LATEST TRANSACTION
control field 20250626141123.0
008 - FIXED-LENGTH DATA ELEMENTS--GENERAL INFORMATION
fixed length control field 250626b sa ||||j |||| 00| j eng d
020 ## - INTERNATIONAL STANDARD BOOK NUMBER
International Standard Book Number <a href="9780435131975">9780435131975</a>
Qualifying information (hbk)
040 ## - CATALOGING SOURCE
Original cataloging agency RDA
Transcribing agency 33228
041 ## - LANGUAGE CODE
Language English
082 ## - DEWEY DECIMAL CLASSIFICATION NUMBER
Classification number ETF BECK
942 ## - ADDED ENTRY ELEMENTS
Creator ID 300
Creator Name Thenjiwe Mabuza
Modifier ID 300
Modifier Name Thenjiwe Mabuza
100 ## - MAIN ENTRY--PERSONAL NAME
Personal name Becker, Tom Harlow, Essex, 2008
245 ## - TITLE STATEMENT
Title DARKSIDE
260 ## - PUBLICATION, DISTRIBUTION, ETC.
Place of publication, distribution, etc. Great Britain
Name of publisher, distributor, etc. Heinemann
Date of publication, distribution, etc. c2008
300 ## - PHYSICAL DESCRIPTION
Extent 212 PAGES
Dimensions 20cm
942 ## - ADDED ENTRY ELEMENTS
Source of classification or shelving scheme Dewey Decimal Classification
item type Book

No items available.